Quizzes
Events
Quiz Creation
Community
Videos
Private Events
Remove Ads
Sign In
Join for FREE
Feedback
Dark Mode
Quiz Categories
Sports
Geography
Music
Movies
Television
Just For Fun
Miscellaneous
History
Literature
Language
Science
Gaming
Entertainment
Religion
Holiday
For Kids
Quiz Lab
Recent
Popular Today
Quiz Kudos Today
Editor Picks
Curator Picks
Quizzes by...
Day
Popularity
Type
Ratings
Length
Year
Community
Subscriptions
Recent Discussions
Orange Saloon
Badges
Playlists
Quests
Create
Leaderboards
Showdown
Live 5
Trivia Bingo
Activity
Puzzle Library
Sporcle Events
Private Events
Virtual Trivia
Globe League
Become a Host
Pub Owners
SporcleCon
Opinionation
Our Games
Videos
Blog
Mobile Apps
Partnerships
Remove Ads and Go Orange
Feedback
History
US Presidents
World Leaders
Politics
Nation
Discovery
War
Decade
Year
Century
Biography
Art
History
US Presidents
World Leaders
Politics
Nation
Discovery
War
Decade
Year
Century
Biography
Art
Random Quiz
Search Sporcle
×
Quiz Lab
Quiz Lab
History
custom
Type in answers that appear in a list
Type in answers that appear in a list
Classic
Best Score? Go Orange.
Early Marriage Customs Stats
Can you name the Early Marriage Customs of the Romans?
By
ishie_consul
10m
16 Questions
64 Plays
64 Plays
64 Plays
Comments
Comments
Give Quiz Kudos
Give Quiz Kudos
-
- Ratings
hide this ad
Replay
Link that replays current quiz
Next Quiz
Link to next quiz in quiz playlist
You Got
0%
They Got
Avg Score
62%
Avg Friend Score
Upgrade to see
Score Distribution
Jump to the score distribution portion of the page
Score
0/16
Timer
10:00
0
Plays Today
Questions
Answers
% Correct
Children born to a family with mixed social backgrounds would take the legal standing of which parent?
Father
87.5%
Who was allowed to marry via confarreatio?
Patricians
82.8%
Who offered exemption from manus after the birth of three children?
Augustus
81.3%
What did the bride dedicate to the lares of her house the eve of her wedding?
Bulla
76.6%
After which group of priests was the bride's hair fashioned?
Vestal Virgins
73.4%
What did usus not involve?
Manus
70.3%
On the way to her new husband's house, what did the bride drop at specific places and intervals?
Coins
67.2%
After how many years was the concept of divorce introduced?
500 years
64.1%
Questions
Answers
% Correct
What is the defining element of coemptio?
Sale
60.9%
What is the latin name for a bride's wedding dress?
Tunica recta
57.8%
What is the term describing the right of intermarriage with patricians?
Jus conubii
54.7%
Who married via usus, and was it legal?
Plebeians no
53.1%
What is the legal term for the bride's passing 'under her husband's authority'?
In manum viri
46.9%
Who eliminated manus from the confarreate ceremony?
Tiberius
45.3%
In a confarreate ceremony, who were the bride and groom brough together by?
Pronuba
45.3%
Name three days that were unlucky to get married on.
Kalends Nones Ides
31.3%
Quiz Playlist
Details
Report
Send in Message
Add To Playlist
Classic:
Type in answers that appear in a list
Last Updated: Feb 16, 2017
Quiz Scoreboard
CHALLENGE
Sign Up to Join the Scoreboard
Show All
Scores
Hide
Comments
May contain spoilers
Recently Published
Pick 6: Fruits
by JohnFran
Miscellaneous
15s
Click the 1999 NBA Draft
by nibperrychub
Sports
2m
Alphabetical 'K' Countries by Flag Minefield
by ylime102
Geography
3m
More to Explore
Quiz From the Vault
Featured Blog Post
15 Basketball Trivia Facts You Can Be March Mad About
hide this ad
You Might Also Like...
Tags
custom
Early
marriage
Roman
Today's Top Quizzes in History
Browse History
hide this ad
Today's Top Quizzes in custom
Browse custom
Top Contributed Quizzes in History
1
Nickname Match: US Presidents
2
I Am Born On March 18th
3
Nickname Match: World Leaders II
4
Nickname Match: US Presidents II
5
Famous People on Time Magazine Covers III (Slideshow)
6
10 to 1: Generals by War
7
27 Amendments
8
Order the British Succession
9
Constitutional Quiz
10
New Deal Alphabet Soup
Explore More
Trending Topics
Harry Potter
Anime
Crossword
Marvel
Disney
Kpop
NBA
Puzzle
The Office
Pokémon
Song
Soccer
NFL
Country
WWE
hide this ad
More By:
ishie_consul
Quiz
Plays
Rating
Category
Featured
Created
LIFE - Early Houses to Other Rooms
160
2.00
History
Oct 31, 2010
Aphrodite to the Gods of the Waters
141
History
Nov 14, 2010
How the World and Mankind were Created I
90
1.00
History
Feb 4, 2011
Interior Decoration
77
History
Nov 16, 2010
Cupid and Psyche
65
History
Feb 4, 2011
Go to Creator's Profile
Score Distribution
Quiz Creator Spotlight
ishie_consul
Follow
Send a Message
Quizzes Created
-
Created Quiz Play Count
-
More By This Creator
Popular Quizzes Today
1
Countries of Asia Without Outlines Minefield
2
Find the US States - No Outlines Minefield
3
Pick 6: Fruits
4
Alphabetical 'K' Countries by Flag Minefield
5
The Countries of the World
6
Click the 1999 NBA Draft
7
Match the Book to the Film X
8
Find the US States
More History Quizzes
Christopher Columbus or another Columbus?
Curator's Pick
Trending Quizzes
Pick 6: Harry Potter
Pick 6: Golfers
Donkey Kong Minefield
DC Extended Universe: Oldest to Newest
Multiplication Danger Zone
Recently Updated
Women's Final Four Teams by Year
bhenderson79
Presidents Quartet II
eogle
Anything But Clue(do)
eogle
Anything But Oceanian Capitals
eogle
Anything But 7
eogle
Anything But Thing
eogle
Word Ladder: February 29
pecheneg
Song Title Questions
pecheneg
Women's NCAA Tournament #1 Seeds
pecheneg
Celebrity Mug Shots
pecheneg
Trending Topics
Disney
NBA
Kpop
Crossword
Harry Potter
Anime
Marvel
Song
Soccer
Pokémon
Country
The Office
WWE
Puzzle
NFL
Your Account Isn't Verified!
In order to create a playlist on Sporcle, you need to verify the email address you used during registration. Go to your
Sporcle Settings
to finish the process.
Report this User
Report this user for behavior that violates our
Community Guidelines
.
Details:
Send Report
Go to the Sporcle.com Mobile Site →
Comments